| 000 | 00321nam a22001337a 4500 | ||
|---|---|---|---|
| 999 |
_c15376 _d15376 |
||
| 020 | _a9788126439171 | ||
| 082 |
_a920.894 812 _bABD/VA |
||
| 100 |
_aAbdul Kalam, A.P. J _93059 |
||
| 245 | _aVazhithirivukal | ||
| 260 |
_aKottayam _bD.C Books _c2018 |
||
| 300 | _a158 | ||
| 650 |
_aMalayalam Autobiogaphy _93060 |
||
| 942 | _cBK | ||